00266nam a2200097Ia 4500008004100000041000800041082001800049100001700067245005200084260003200136230627s9999 xx 000 0 und d aeng a346.0438bAWA aAwasthi S. K aDigest On Civil Pleadings : Cases And Materials aAllahabadbLaw Visionc1996